• 首页
  • 本馆介绍
  • 公告通知
  • 最新文献
  • 馆藏检索
  • 电子资源
  • 读者导购
  • 参考咨询
  • 我的图书馆
  • 登录
  • 详细信息显示
  • 放入我的书架
  • 预约/预借图书
  • 作者相关作品
  • 分类相关作品
  • 丛书相关作品
  • 出版社相关作品

书目信息

  • 表格格式
  • 工作单格式
  • 卡片格式
题名:
电影放映技术讲座
    
 
作者: 吕新亚 编著
分册:  
出版信息: 兰州   甘肃人民出版社  1982.12
页数: 246页
开本: 20cm
丛书名:
单 册:
中图分类: J943.3
科图分类:
主题词: 电影工作--组织 , 电影工作--管理
电子资源:
ISBN:
000 00585nam0 2200205 45
001 0312221749
005 20031222171203.8
010    @dCNY0.71
100    @a20031222d1982 km y0chiy0120 ea
101    @achi
105    @a z 000yy
200 1  @a电影放映技术讲座@ADian Ying Fang Ying Ji Shu Jiang Zuo@f吕新亚编著@FLu Xin Ya Bian Zhu
210    @a兰州@c甘肃人民出版社@d1982.12
215    @a246页@d20cm
606 0  @a电影工作@x组织
606 0  @a电影工作@x管理
690    @aJ943.3@v3
701 0  @a吕新亚@4编著
801    @aCN@bTSTCL@c20031222
905    @a213230@dJ943.3@e28@b147872-874@f3
    
    电影放映技术讲座/吕新亚编著.-兰州:甘肃人民出版社,1982.12
    246页;20cm
    
    
    ISBN :CNY0.71
    
●
相关链接 在E读中查询图书 在五车中查询图书 在当当中查询图书 在豆瓣中查询图书


正题名:电影放映技术讲座     索取号:J943.3/28         预约/预借

序号 登录号 条形码 馆藏地/架位号 状态 备注
1 0147872   001218202   密集书库/ [索取号:J943.3/28] 在馆    
2 0147873   001218177   第一借阅区/ [索取号:J943.3/28] 在馆    
3 0147874   001218195   第一样本阅览室/ [索取号:J943.3/28] 在馆    
唐山师范学院图书馆 欢迎您!
大连网信软件有限公司© 版权所有